| 000 | 00694nam a2200193Ia 4500 | ||
|---|---|---|---|
| 008 | 151121s9999||||xx |||||||||||||| ||und|| | ||
| 082 | _a814/सहस्त्र | ||
| 082 | _bHNW-70034 | ||
| 100 | _aसहस्त्रबुद्धे अविनाश | ||
| 245 | _aदुर्मिळ अक्षरधन | ||
| 260 | _b"वरदा, पुणे।" | ||
| 260 | _c-- | ||
| 300 | _a259 | ||
| 600 | _aसहस्त्रबुद्धे अविनाश | ||
| 630 | _aदुर्मिळ अक्षरधन | ||
| 700 | _aसहस्त्रबुद्धे अविनाश | ||
| 730 | _aदुर्मिळ अक्षरधन | ||
| 942 | _cBOOK | ||
| 999 |
_c1251510 _d1251507 |
||